Cities Mentioned in Pop Lyrics - Statistics

General Stats
  • This quiz has been taken 62 times
  • The average score is 7 of 15
Answer Stats
Lyrics Region % Correct
I'm an alien, I'm a legal alien, I'm an Englishman in {New York} US
87%
One Night in {Bangkok} and the world's your oyster, the bars are temples but their pearls ain't free Asia
80%
Every gal in Constantinople lives in {Istanbul}, not Constantinople Middle East
70%
I've been for a walk on a winter's day, I'd be safe and warm if I was in {L.A.} US
70%
At the Copa, Copacabana, the hottest spot north of {Havana} Caribbean
69%
There are nine million bicycles in {Beijing}, that's a fact Asia
54%
I was sick and tired of everything when I called you last night from {Glasgow}, all I do is eat and sleep and sing wishing every show was the last show UK
50%
I'm too sexy for my shirt, too sexy for my shirt, so sexy it hurts, and I'm too sexy for {Milan} Europe
41%
And now I am king and my queen will come at dawn, she'll be waiting in {Kingston} town Caribbean
39%
The feeling has gone, only you and I, it means nothing to me, this means nothing to me, oh {Vienna} Europe
30%
In {Birmingham} they love the governor, boo, boo, boo! Now we all did what we could do US
26%
This could be {Rotterdam} or anywhere, Liverpool or Rome Europe
26%
My house in {Budapest}, my, my hidden treasure chest, golden grand piano, my beautiful castillo, you, ooh, you, ooh, I′d leave it all Europe
24%
I met a gin-soaked bar-room queen in {Memphis}, she tried to take me upstairs for a ride US
22%
Well Jo'anna she runs a country, she runs in {Durban} and the Transvaal Africa
20%
No matching quizzes found
Score Distribution
Percent of People with Each Score
Percentile by Number Answered
Your Score History
You have not taken this quiz